Statystyki dla Największe gospodarki w Europie

Kliknij tutaj aby rozwiązać quiz!

Ogólne statystyki

  • Ten quiz został rozwiązany 84 036 razy
    (23 893 od ostatniego zresetowania)
  • Średni wynik to 9 z 10

Statystyki odpowiedzi

PKBKraj% Poprawnych
$5,27 blnNiemcy
99%
$3,68 blnFrancja
98%
$2,21 blnHiszpania
96%
$1,58 blnPolska
96%
$3,75 blnWielka Brytania
93%
$2,97 blnWłochy
93%
$3,36 blnRosja
92%
$739 mldSzwajcaria
81%
$1,20 blnHolandia
80%
$720 mldBelgia
77%

Rozkład punktacji

Percentyl według liczby udzielonych odpowiedzi

Procent ludzi z każdym wynikiem

Twoja historia wyników

Nie rozwiązałeś tego quizu od ostatniego zresetowania